000 00221nam a22000857a 4500
008 160712b xxu||||| |||| 00| 0 eng d
100 _92709
_aSingh L
245 _aMathematics-VII
260 _aNew Delhi
_bDhanpat Publication
_c2012
999 _c2352
_d2352